Normal view
MARC view
- Raja, Waqar Ali
Entry Personal Name
001 - CONTROL NUMBER
- control field: 112141
003 - CONTROL NUMBER IDENTIFIER
- control field: NUST
005 - DATE AND TIME OF LATEST TRANSACTION
- control field: 20230505103349.0
008 - FIXED-LENGTH DATA ELEMENTS
- fixed length control field: 230505|| aca||aabn | a|a d
040 ## - CATALOGING SOURCE
- Original cataloging agency: NUST
- Transcribing agency: NUST
100 ## - HEADING--PERSONAL NAME
- Personal name: Raja, Waqar Ali
670 ## - SOURCE DATA FOUND
- Source citation: Work cat.: (NUST): Raja, Waqar Ali, Development of Chipless RFID Sensors for agriculture applications /
